[Event "Linares zt"]
[Site "Linares"]
[Date "1995.??.??"]
[Round "6"]
[White "Sosonko, Gennadi"]
[Black "Illescas Cordoba, Miguel"]
[Result "0-1"]
[WhiteElo "2525"]
[BlackElo "2620"]
[Annotator "Dautov,R"]
[PlyCount "66"]
[EventDate "1995.11.??"]
[EventType "swiss"]
[EventRounds "11"]
[EventCountry "ESP"]
[SourceTitle "CBM 051"]
[Source "ChessBase"]
[SourceDate "1996.04.01"]
[SourceVersion "1"]
[SourceVersionDate "1996.04.01"]
[SourceQuality "1"]

1. d4 {Johnson} f5 2. g3 Nf6 3. Bg2 g6 4. b3 Bg7 5. Bb2 O-O 6. Nf3 d6 (6... d5
{Johnson} 7. c4 c6 8. O-O Be6 9. Ng5 Bf7 10. Nc3 Qe8 11. Qd3 h6 12. Nxf7 Qxf7
13. f3 Nbd7 14. e4 dxc4 15. bxc4 Nb6 16. c5 Nc4 17. Bc1 Rad8 18. Rb1 Nd7 19. d5
b5 20. dxc6 Nxc5 {Portisch,L-Smyslov,V (03)/Portoroz cm-reserve ;IZT 1971/0-1 
(37)}) 7. O-O Qe8 8. c4 Ne4 {N} (8... Na6 9. Qc2 (9. Nbd2 e5 10. dxe5 Ng4 $13 (
10... Nd7 {Johnson} 11. Qc2 dxe5 12. Rfd1 Nb4 13. Qc3 Qe7 14. a3 Nc6 15. b4 e4
{Arkell,K-Malaniuk,V/Hastings Masters op 1995 1/2-1/2(51)})) 9... c6 10. Nbd2
h6 11. Rae1 g5 12. e4 fxe4 13. Nxe4 Qg6 14. Nxf6+ Qxf6 15. Re3 Bf5 16. Qd2 Rf7
17. Rfe1 Re8 18. Bc3 Qg6 19. d5 c5 20. a3 $1 Bxc3 21. Qxc3 $16 {Dreev,
A-Motwani,P/Berlin 1991}) (8... e5 $6 9. dxe5 Ng4 10. Qd5+ $1 Kh8 11. Qd2 $1
Nxe5 (11... dxe5 12. h3 Nh6 13. Bxe5 Bxe5 14. Nxe5 Qxe5 15. Qxh6 $16) 12. Nc3
Nbc6 13. Nd5 Nxf3+ 14. exf3 $1 Qf7 15. Rfe1 b6 16. Re3 Bb7 17. Rae1 $16 {
Hoelzl,F-Schroll,G/AUT-ch (09) ;EXP 49 1995}) (8... c6 {Johnson}) 9. Nbd2 Nxd2
10. Qxd2 Nd7 11. d5 (11. Rfe1 $5 {/\e4} Nf6 (11... e5 12. dxe5 dxe5 13. e4 f4
14. Rad1 $14) 12. Qc2 c6 13. Rad1 $14) 11... Nf6 12. Nd4 Bd7 13. b4 c6 14. dxc6
bxc6 15. b5 $2 (15. Nb3 $1 $14 {/\c5,/\Na5}) (15. Qd3 Rb8 16. a3 c5 17. Nc2 $10
) 15... Ne4 16. Bxe4 (16. Qc2 e5 17. Nxc6 Bxc6 18. bxc6 Qxc6 $15) 16... fxe4
17. Nxc6 $2 (17. bxc6 Bxc6 18. Ne6 Bxb2 19. Qxb2 Rf7 20. Qd4 Qd7 21. Ng5 Rf5
22. Nxe4 Qe6 23. f3 (23. Nc3 Rc5 $10) (23. Nd2 Rh5 $1 24. h4 g5 $40) 23... Bxe4
24. fxe4 Rc5 $10) 17... Bxb2 18. Qxb2 Bxc6 19. bxc6 Qxc6 {><c4} 20. Qb5 (20.
Qd4 Rf5 $15) (20. Qd4) 20... Rac8 21. Qg5 $2 (21. Rac1 Rf5 22. Qxc6 Rxc6 23.
Rfd1 Ra5 (23... Rfc5 24. Rd4 d5 25. Rb1 $10) 24. Rc2 Kf7 $15 (24... d5 25. Rdd2
Rxc4 26. Rxd5 $1 $10)) 21... Rc7 22. Rac1 Rf5 23. Qe3 Rc5 $17 24. f3 Rxc4 25.
Rxc4 Qxc4 26. fxe4 (26. Qxe4 Qxe4 27. fxe4 Rc2 $19) 26... Qc5 $1 27. Kf2 (27.
Qxc5 Rxc5 28. Rb1 Kf7 29. Kf2 Rc2 30. Ra1 Ke6 $17) 27... Qxe3+ 28. Kxe3 Rc3+
29. Kd4 (29. Kd2 Ra3 30. Ra1 Kf7 $17) 29... Rc2 30. Kd3 Rxa2 31. e5 $2 dxe5 $19
32. g4 a5 33. g5 Ra4 0-1

[Event "St Petersburg op"]
[Site "St Petersburg"]
[Date "1994.??.??"]
[Round "5"]
[White "Akopian, Vladimir Eduardovic"]
[Black "Vasiukov, Evgeni"]
[Result "1-0"]
[WhiteElo "2605"]
[BlackElo "2505"]
[Annotator "Dautov,R"]
[PlyCount "79"]
[EventDate "1994.02.??"]
[EventType "swiss"]
[EventRounds "9"]
[EventCountry "RUS"]
[SourceTitle "CBM 041"]
[Source "ChessBase"]
[SourceDate "1994.08.01"]
[SourceVersion "1"]
[SourceVersionDate "1994.08.01"]
[SourceQuality "1"]

1. d4 {Krasenkov Belov} f5 2. Nf3 Nf6 3. g3 g6 4. Bg2 Bg7 5. O-O O-O 6. c4 d6
7. Nc3 Qe8 8. d5 Na6 9. Rb1 Nc5 $5 (9... c5 10. dxc6 bxc6 11. b4 Bd7 12. a3 {
Belov} (12. b5 cxb5 13. cxb5 Nc5 14. a4 Rc8 (14... Nfe4 $2 15. Nxe4 Nxe4 16.
Bb2 Bxb2 17. Rxb2 Rb8 18. Nd2 Nc5 19. Nc4 Qf7 20. Na5 Qf6 21. Rb4 $16 {
Alterman,B-Malaniuk,V/Pardubice/1993/1:0 (37) Inf 58/114/}) 15. Bb2 (15. Nd4 $1
) 15... a6 16. Nd4 axb5 17. axb5 Nfe4 18. Nxe4 fxe4 $10 {Greenfeld,A-Malaniuk,
V/Pardubice/1993/}) 12... Nc7 13. a4 (13. Bb2 Rb8 14. c5 $1 dxc5 $6 15. bxc5
Ne4 16. Nxe4 Bxb2 17. Neg5 Nd5 18. Ne5 $16 {Schlosser,P-Malaniuk,V/Brno/1993/})
13... Rb8 14. b5 Ne6 (14... Ne4 $6 15. Nxe4 fxe4 16. Ng5 d5 17. cxd5 cxd5 18.
Be3 Bf6 19. h4 Rb7 20. Rc1 Bf5 21. Rxc7 $1 $16 {Tunik,G-Beuchler,H/Pardubice/
1992/}) 15. e3 $14 {Tunik,G-Galdunts,S/Voskresensk/1993/ Inf 58/114/}) (9... c6
{Belov}) 10. b4 {N} (10. Nd4 a5 11. b3 Bd7 12. Ba3 c6 13. Bxc5 dxc5 14. Ne6
Bxe6 15. dxe6 Qb8 16. Na4 Qe5 17. Qd2 Rfd8 18. Qf4 Qxf4 19. gxf4 Rd2 20. e3
Rxa2 21. Nxc5 Rb8 $10 {Mohr-Vasiukov/Voskresensk/1990}) (10. b3 {Belov} a5 11.
Bb2 c6 12. Nd4 Bd7 $10) (10. Nb5 $5 {Krasenkov}) 10... Nce4 11. Bb2 (11. Nb5
Qd8 12. Bb2 e5 13. dxe6 Bxe6 $10) (11. Nxe4 $1 Nxe4 (11... fxe4 12. Nd4 (12.
Ng5 $5 Bf5 13. Ne6 Bxe6 14. dxe6 $14) 12... e6 (12... e5 13. Nb5 Rf7 14. Bg5
Bf5 15. Bxf6 Bxf6 16. e3 $16 {/\Nc3}) 13. Nb5 Qf7 14. Bg5 exd5 15. cxd5 Nxd5
16. Bxe4 Nb6 17. Rc1 $16) 12. Bb2 Bxb2 (12... Nc3 13. Bxc3 Bxc3 14. Nd4 Bxd4 (
14... f4 {Belov} 15. Qd3 Bxd4 16. Qxd4 Qf7 $10) 15. Qxd4 $14) 13. Rxb2 e5 14.
dxe6 Bxe6 15. Nd2 Nxd2 16. Qxd2 Bxc4 17. Bxb7 Rb8 18. Rc1 Rxb7 19. Rxc4 $14)
11... e5 12. dxe6 (12. Nxe4 Nxe4 13. Nd2 Nxd2 14. Qxd2 $10) (12. Nd2 Nxc3 (
12... Nxd2 {Belov} 13. Qxd2 f4 $10) 13. Bxc3 g5 14. c5 h5 $5 15. Nc4 b5 16. Na5
h4 $40) 12... Bxe6 13. Nxe4 (13. Nd2 {Belov} Nxd2 14. Qxd2 c6 15. b5 Rc8 $13)
13... fxe4 (13... Nxe4 14. Bxg7 Kxg7 15. Qd4+ (15. Qc2 {Belov} Qf7 16. Rbc1 $14
) 15... Kg8 16. Nd2 $5 $14) 14. Nd2 Bf5 (14... e3 $6 15. fxe3 Bf5 (15... Ng4
16. Bxg7 Kxg7 17. Bxb7 (17. Qb3 $16 {Belov}) 17... Nxe3 18. Rxf8 Qxf8 19. Qb3
$16) (15... c6 $5 16. Qc2 $14) 16. e4 Nxe4 17. Nxe4 Bxb2 (17... Bxe4 $2 18.
Rxf8+ Bxf8 19. Qd4 $18) 18. Rxb2 Bxe4 19. Rxf8+ Kxf8 20. Qd4 Bxg2 21. Qh8+ Ke7
22. Qxh7+ Qf7 23. Qxf7+ Kxf7 24. Kxg2 $16) 15. e3 Qe6 $10 16. Nb3 $6 (16. Qc2
Rae8 (16... Bh3 $2 17. Bxf6 $16) 17. a4 $10 (17. Nb3 Bh3 $10 (17... Bh3 {Belov}
18. Nd4 Qd7 $10))) 16... Qxc4 (16... Rae8 17. c5 $1) (16... Bh3 {Belov} 17. Nd4
Qd7 $10) 17. Rc1 (17. Na5 {Belov} Qxa2 $1 (17... Qxb4 18. Bxf6 Qxa5 19. Bxg7
Kxg7 20. Rxb7 $44) 18. Nxb7 Qd5 $17) 17... Qf7 18. Bxf6 Bxf6 19. Qc2 c6 20.
Bxe4 Be6 $1 (20... Bxe4 21. Qxe4 Rae8 (21... d5 $6 22. Qd3 $14 {/\b5}) 22. Qd3
Re6 $10) 21. Rb1 (21. Bg2 Bxb3 $5 22. axb3 a6 23. Rfd1 d5 {><b4}) 21... Rae8 (
21... Rac8 $5 {/\c5} 22. Rfd1 c5 $1 23. Rxd6 (23. bxc5 dxc5 24. Nxc5 $2 Be7 $1
25. Rb5 b6 $19) 23... cxb4 24. Qe2 Be5 25. Rdd1 Bc3 $15 {/\Rfd8,b6,a5}) (21...
d5 {Belov} 22. Bg2 Bf5 23. e4 dxe4 24. Bxe4 $15) 22. Bg2 Bf5 $5 23. e4 Be6 24.
Qd2 Rd8 25. f4 Kh8 26. Kh1 (26. f5 $5 Bc4 (26... gxf5 {Belov} 27. exf5 Bc4 28.
Rf2 $13) 27. Rf2 Qg7 28. Kh1 d5 29. exd5 Bxd5 30. Bxd5 Rxd5 31. Qc2 $13) 26...
Bg7 27. Qe3 (27. f5 $2 gxf5 28. exf5 Bxf5 29. g4 Bxb1 30. Rxf7 Rxf7 $17) 27...
b6 28. Rfd1 (28. Nd4 {Krasenkov} Bxa2 29. Nxc6 Rc8 30. Rbc1 Bc4) 28... c5 29.
a3 (29. bxc5 {Belov} dxc5 30. e5 Rd7 $17) 29... Rfe8 30. Qf3 (30. Rd2 $5 {Belov
}) 30... Qd7 $1 31. Rd2 (31. bxc5 {Belov} Bg4 32. Qe3 Bxd1 33. Rxd1 bxc5 34.
Nxc5 Qb5 $17) 31... Qa4 $17 32. Qd1 $1 Rb8 (32... cxb4 33. axb4 Qxb4 34. Nd4
Qc4 35. Rc1 $44) (32... Qxa3 $1 33. e5 (33. bxc5 bxc5 34. e5 Rb8 $17) 33...
Qxb4 (33... Rb8 {Belov} 34. exd6 $132) 34. Nd4 Qxd2 35. Qxd2 dxe5 36. fxe5 Bxe5
$17) 33. Rxd6 Qxa3 34. e5 (34. bxc5 $1 bxc5 35. Nd2 Rxb1 36. Qxb1 Qb4 37. e5
$132) 34... Bf8 35. Rd2 Bf5 $1 (35... Qxb4 36. Nd4 Bg4 37. Qc1 Qa4 38. Ra1 $13)
36. Ra1 (36. Rbb2 {Belov} c4 (36... Qxb4 37. Nd4 Qxb2 38. Rxb2 cxd4 39. Qxd4
$13) 37. Nd4 c3 38. Ra2 Qxb4 $19) 36... Qxb4 37. Rxa7 c4 38. Nd4 c3 39. Nc6 Qc5
$19 40. Rdd7 $138 (40. Rdd7 c2 (40... Bxd7 $4 41. Qxd7 Be7 42. Nxe7 $19) 41.
Rxh7+ (41. Qc1 {Krasenkov} Bxd7 42. Nxb8 Bh3 43. Nd7 Qf2 44. Bb7 Qe2 $19) 41...
Kg8 42. Qc1 (42. Bd5+ Be6 43. Bxe6+ Rxe6 $19) (42. Qd5+ Be6 43. Qxc5 bxc5 $19)
42... Rbd8 (42... Rbc8 {Belov} 43. Rhc7 Rxc7 44. Rxc7 Qa3 $19) 43. Nxd8 Rxd8
44. Bf3 Rd1+ 45. Bxd1 Be4+ $19) 1-0

[Event "Hoogovens-B"]
[Site "Wijk aan Zee"]
[Date "1996.01.21"]
[Round "5"]
[White "Antunes, Antonio"]
[Black "Onischuk, Alexander"]
[Result "0-1"]
[WhiteElo "2545"]
[BlackElo "2580"]
[Annotator "Dautov,R"]
[PlyCount "102"]
[EventDate "1996.01.16"]
[EventType "tourn"]
[EventRounds "11"]
[EventCountry "NED"]
[EventCategory "10"]
[SourceTitle "CBM 052"]
[Source "ChessBase"]
[SourceDate "1996.06.01"]
[SourceVersion "1"]
[SourceVersionDate "1996.06.01"]
[SourceQuality "1"]

1. Nf3 f5 2. d4 Nf6 3. g3 g6 4. Bg2 Bg7 5. O-O O-O 6. c4 d6 7. Nc3 Na6 8. Rb1 (
8. b3 Qe8 9. Ba3 {/\Qd3,e4}) 8... c6 (8... c5 9. dxc5 Nxc5 10. Be3 $14) 9. b3 (
9. b4 Ne4 10. Nxe4 fxe4 11. Ng5 d5 12. cxd5 cxd5 13. Qb3 Kh8 14. Be3 Nc7 15. f3
h6 16. Nh3 exf3 17. exf3 g5 $13 {Hansen,Cu-Vasiukov,E/Graested (04) 1990}) 9...
Qe8 10. d5 c5 $5 {Damit erreicht Schwarz eine für sich günstige theoretische
Stellung, aber mit einem Minustempo (vgl. mit 7...Qe8 8.d5 Na6 9.Rb1 c5 10.b3 
(besser ist 10.dxc6 bxc6 11.b4)). Im weiteren Verlauf der Partie wird es Weiß
nicht gelingen, Kapital daraus zu schlagen.} (10... Bd7 11. Bb2 Rc8 12. Nd4 Qf7
13. e3 Nc5 14. Nde2 g5 15. f4 Qh5 $13 {Damljanovic,B-Vasiukov,E/Vrsac (2) 1989}
) 11. Bb2 h6 12. Ne1 $1 g5 13. Nd3 Qg6 14. Qd2 Bd7 15. Rbe1 (15. e3 Rf7 16. f4
Raf8 17. a3 $5 {/\b4}) 15... Rf7 16. f4 Raf8 17. e4 fxe4 18. Nxe4 Bf5 19. Bxf6
(19. Nef2 $1 Nc7 (19... Ng4 20. Bxg7 Qxg7 21. fxg5 Nxf2 (21... Qd4 $2 22. Qf4
$16) 22. Nxf2 hxg5 23. Ne4 $14) 20. a4 $14) 19... Bxf6 20. Nxf6+ Qxf6 21. Nf2 (
21. fxg5 Qd4+ 22. Re3 hxg5 23. Rf2 b5 24. cxb5 Nc7 25. Ne1 Nxb5 26. Nf3 Qxd2
27. Rxd2 g4 28. Ng5 Rg7 $15) 21... gxf4 22. Qxf4 Qd4 $1 23. Qxd4 cxd4 24. Rd1 (
24. Be4 $5 Bxe4 (24... Nb4 25. Bxf5 Rxf5 26. Rxe7 Nc2 (26... d3 27. Re3 d2 28.
Re2 $16) 27. Re2 Ne3 28. Rfe1 $14 {/\Rd2}) (24... Bc8 25. Rd1 Nc5 26. Bg2 $16)
25. Nxe4 Nb4 (25... Nc5 26. Rxf7 Rxf7 27. Kg2 Kg7 28. Nf2 $14 {><d4}) 26. Rxf7
Rxf7 27. Rd1 Nxa2 28. Kg2 $1 (28. Rxd4 $2 Nc1) 28... a5 29. Rxd4 Nc1 30. Nd2
$10) 24... Nb4 25. Rxd4 Nxa2 $10 26. Ng4 Kg7 27. Ne3 (27. Ra1 Nc3 28. Re1 Bc2
$1 29. Re3 (29. Ne3 Bg6 {/\Rf2-b2}) 29... Nd1 30. Re1 Nc3 $10) 27... Bg6 28.
Rxf7+ $6 (28. Ra1 Nc3 29. Rd2 $10) 28... Rxf7 29. Rd2 Nc1 $1 $15 30. b4 $2 (30.
Rb2 $142) 30... Nd3 31. Ra2 (31. b5 a5 32. bxa6 bxa6 33. Ra2 Nc5 $15) 31... a6
32. Ra4 Rf2 33. c5 $2 (33. Bf1 Rb2 34. Bxd3 Bxd3 35. c5 Bb5 $17) 33... dxc5 34.
bxc5 Re2 $19 35. c6 bxc6 $2 (35... Rxe3 36. cxb7 Re1+ 37. Bf1 Rb1 38. Rxa6 Nc5
$19) 36. Nf1 c5 37. Rxa6 Ne1 $15 38. Bh1 c4 39. Rc6 Bd3 {ץh1,Nf1} 40. g4 Nc2
41. Bg2 $2 (41. Ng3 $142) 41... Nd4 42. Ng3 $2 (42. Rc8 $142 {/\Ng3}) 42...
Nxc6 43. Nxe2 (43. dxc6 $2 Re5 $19) 43... Ne5 44. Nc3 Nxg4 $19 45. Bh3 Nf6 46.
Be6 Ne4 47. Nxe4 Bxe4 48. d6 c3 $1 49. d7 c2 50. d8=Q c1=Q+ 51. Kf2 Qf4+ (51...
Qf4+ 52. Ke2 Bf3+ 53. Kd3 Qe4+ 54. Kd2 Qxe6 $19) 0-1

[Event "Kropotkin"]
[Site "Kropotkin"]
[Date "1995.??.??"]
[Round "1"]
[White "Lputian, Smbat G"]
[Black "Malaniuk, Vladimir P"]
[Result "1-0"]
[WhiteElo "2630"]
[BlackElo "2615"]
[Annotator "Dautov,R"]
[PlyCount "81"]
[EventDate "1995.04.??"]
[EventType "tourn"]
[EventRounds "7"]
[EventCountry "RUS"]
[EventCategory "14"]
[SourceTitle "CBM 047"]
[Source "ChessBase"]
[SourceDate "1995.08.01"]
[SourceVersion "1"]
[SourceVersionDate "1995.08.01"]
[SourceQuality "1"]

1. d4 {Dolmatov} f5 2. g3 Nf6 3. Bg2 g6 4. b3 Bg7 5. Bb2 O-O 6. Nf3 d6 7. c4
Qe8 (7... Nh5 $5 {Dolmatov}) 8. Nbd2 c6 (8... e5 $5 {Dolmatov} 9. dxe5 Nfd7 10.
c5 (10. O-O dxe5 11. e4 f4 $132) 10... Nxe5 11. Nxe5 dxe5 12. Nc4 e4 $10) 9.
Qc2 Na6 (9... Nbd7 {Dolmatov} 10. O-O e5 11. dxe5 Nxe5 $132) 10. O-O h6 11.
Rae1 Qf7 (11... g5 12. e4 (12. Bc3 {Dolmatov} Qg6) 12... fxe4 13. Nxe4 Qg6 (
13... Bf5 14. Nxf6+ Rxf6 15. Qd2 $14) 14. Nxf6+ Qxf6 15. Re3 Bf5 16. Qd2 Rf7
17. Rfe1 Re8 18. Bc3 Qg6 19. d5 c5 20. a3 $1 Bxc3 21. Qxc3 $16 {Dreev,
A-Motwani,P/Berlin 1991}) 12. Bc3 (12. e4 $2 {Dolmatov} Nb4 13. Qb1 fxe4 14.
Nxe4 Nxe4 15. Qxe4 Bf5 $17) 12... g5 13. e4 fxe4 (13... f4 $5 {Dolmatov} 14. e5
Nh5 15. exd6 exd6 16. Ne4 Bf5 $132) 14. Nxe4 Bg4 (14... Bf5 {>=} 15. Nxf6+ Qxf6
16. Qd2 e6 17. Re3 $14) (14... Nxe4 {Dolmatov} 15. Qxe4 Bf5 16. Qe3 Rae8 $14)
15. Nxf6+ exf6 (15... Bxf6 16. Re3 Qg7 $2 17. Ne5 $1 $16) (15... Qxf6 {Dolmatov
} 16. Nd2 Bf5 17. Ne4 Qg6 18. Qb2 $14) 16. d5 $1 c5 (16... cxd5 $2 17. Nxg5 $18
(17. cxd5 {Dolmatov} Nc5 18. Nd4)) 17. Nd2 $1 $16 {/\Ne4,/\f4,><d6,e6,f6} (17.
Re6 $6 Nc7 $1 {/\} (17... Bxe6 $2 18. dxe6 Qe7 (18... Qxe6 $2 19. Nxg5 $18) 19.
Qf5 Rae8 20. Re1 Nc7 21. Nd2 $40) 18. Rxd6 $2 Qe7 $17) 17... Rae8 (17... Nc7
18. Ne4 (18. f4 $16) 18... Rad8 19. f4 $16) (17... f5 {Dolmatov} 18. Re6 $16)
18. Ne4 Bf5 (18... Qd7 19. Qb2 Nb4 20. Re3 $16) 19. g4 $1 Bh7 20. Qd3 $1 {
/\Qg3,><d6} (20. Qb2 {Dolmatov} Qd7) 20... Re5 21. f4 $1 (21. Bxe5 fxe5 22. Qd2
$16 (22. Re3 $16 {Dolmatov})) 21... gxf4 22. Rxf4 f5 (22... Bxe4 23. Bxe4 Re7
24. Ref1 $16) 23. Qg3 $1 Qg6 (23... Qe7 24. gxf5 Rexf5 (24... Bxf5 25. Bxe5
Qxe5 26. Nxc5 $18) 25. Rxf5 Bxf5 26. Nf6+ $18) 24. Bxe5 (24. gxf5 Qxg3 25. Nxg3
(25. hxg3 $2 Rxe4 $1) 25... Rxe1+ 26. Bxe1 Nb4 $44) 24... Bxe5 25. Ref1 (25.
gxf5 {Dolmatov} Qxg3 (25... Bxf4 $2 26. fxg6 Bxg3 27. gxh7+ $18) 26. hxg3 Bxf5
$5 (26... Bxf4 27. gxf4 $16)) 25... b6 (25... Nc7 $5 {Dolmatov}) 26. Rxf5 (26.
gxf5 {Dolmatov} Qxg3 27. Nxg3 Bxf4 28. Rxf4 Nc7) 26... Qxf5 (26... Rxf5 27.
gxf5 Qxg3 28. Nxg3 $18) (26... Bxg3 {Dolmatov} 27. Rxf8+ Kg7 28. Nxg3 $18) 27.
gxf5+ Bxg3 28. Nxg3 (28. hxg3 $5 Rxf5 29. Nxd6 Rxf1+ 30. Bxf1 (30. Kxf1 {
Dolmatov} Bb1 $132) 30... Bb1 31. a3 Ba2 32. Nc8 Bxb3 33. Nxa7 $18) 28... Nb4 (
28... Nb8 $5 $16 {Dolmatov}) 29. a3 Nc2 (29... Nd3 {Dolmatov} 30. Ne4 Rxf5 31.
Nf6+ $18) 30. Be4 (30. Ne4 $2 {Dolmatov} Ne3) 30... Nd4 31. f6 $18 Nxb3 32. f7+
Kh8 33. Bxh7 Kxh7 34. Ne4 Kg7 35. Nxd6 Rd8 (35... Nd4 36. a4 $18) 36. Ne8+ Kf8
37. Nc7 Nd4 38. a4 Ke7 $2 (38... Rd6 39. h3 $18) 39. f8=Q+ Rxf8 40. d6+ Kxd6
41. Rxf8 1-0

[Event "Biel"]
[Site "Biel"]
[Date "1995.??.??"]
[Round "10"]
[White "Dreev, Alexey"]
[Black "Kindermann, Stefan"]
[Result "1/2-1/2"]
[WhiteElo "2670"]
[BlackElo "2565"]
[Annotator "Dautov,R"]
[PlyCount "55"]
[EventDate "1995.07.??"]
[EventType "tourn"]
[EventRounds "13"]
[EventCountry "SUI"]
[EventCategory "15"]
[SourceTitle "CBM 049"]
[Source "ChessBase"]
[SourceDate "1995.12.01"]
[SourceVersion "1"]
[SourceVersionDate "1995.12.01"]
[SourceQuality "1"]

1. d4 f5 2. g3 Nf6 3. Bg2 g6 4. Nf3 Bg7 5. b3 O-O 6. Bb2 d6 7. O-O Ne4 8. c4
Nc6 9. Nbd2 Nxd2 10. Qxd2 e5 11. dxe5 dxe5 12. Qd5+ Kh8 13. e4 (13. Qxd8 Rxd8
14. Ng5 (14. Rad1 Re8 15. Rd2 a5 16. a3 Ra6 17. c5 Be6 18. b4 axb4 19. axb4 Bc4
$15 {Arduman,C-Malaniuk,V/Forli op (02) 1992}) 14... Rd2 15. Bc3 Rxe2 16. Bxc6
bxc6 17. Rfd1 Bf6 18. Kf1 Rc2 19. Bxe5 Bxe5 20. Nf7+ Kg7 21. Nxe5 $14 {Smejkal,
J-Fleck,J/BL 8687}) 13... Qe7 $1 (13... f4 $2 14. gxf4 exf4 15. Ba3 Re8 16.
Rad1 Qf6 17. e5 Qf5 18. Rfe1 Qh5 19. e6 $16 {Tukmakov,V-Becx,C/Reykjavik op (1)
1990}) 14. exf5 Rd8 (14... gxf5 15. Rad1 (15. Qd2 e4 $10) 15... Be6 16. Qd2 (
16. Qb5 $2 a6 17. Qa4 Rfd8 $15) 16... Rad8 17. Qe3 e4 18. Nd4 Nxd4 19. Bxd4
Bxd4 20. Rxd4 c5 21. Rxd8 Rxd8 22. f3 $14) 15. Qe4 Bxf5 16. Qh4 (16. Qe3 Rd3
17. Qe2 Rad8 $36 {/\e4}) 16... Bf6 (16... Qxh4 17. Nxh4 Rd2 18. Bc3 Rd3 19.
Rac1 e4 20. Bxg7+ Kxg7 $10) 17. Qh6 Bg7 $10 18. Qg5 Bf6 19. Qh6 Bg7 20. Qc1 $5
Nb4 (20... e4 21. Bxg7+ Qxg7 22. Ng5 Nd4 23. Re1 Bg4 24. Kh1 Bf3 25. Nxe4 $16)
21. Qg5 Re8 (21... Bf6 $2 22. Qxf6+ Qxf6 23. Bxe5 $16) 22. Bc3 a5 23. Qxe7 Rxe7
24. Rfd1 (24. a3 Nc2 25. Ra2 e4 (25... Nd4 26. Re1 Rae8 $10) (25... a4 $5) 26.
Bxg7+ Kxg7 27. Nh4 (27. Nd2 e3 $10) 27... Nd4 $10) 24... e4 25. Bxg7+ Kxg7 26.
Nd4 Kf6 27. a3 Nd3 28. Nc2 1/2-1/2

[Event "Biel"]
[Site "Biel"]
[Date "1995.??.??"]
[Round "3"]
[White "Adianto, Utut"]
[Black "Kindermann, Stefan"]
[Result "1-0"]
[WhiteElo "2590"]
[BlackElo "2565"]
[Annotator "Dautov,R"]
[PlyCount "77"]
[EventDate "1995.07.??"]
[EventType "tourn"]
[EventRounds "13"]
[EventCountry "SUI"]
[EventCategory "15"]
[SourceTitle "CBM 049"]
[Source "ChessBase"]
[SourceDate "1995.12.01"]
[SourceVersion "1"]
[SourceVersionDate "1995.12.01"]
[SourceQuality "1"]

1. d4 f5 2. Nf3 Nf6 3. c4 g6 4. g3 Bg7 5. Bg2 O-O 6. O-O d6 7. Nc3 Qe8 8. d5
Na6 9. Rb1 Bd7 10. b4 c6 11. Qb3 {N} (11. dxc6 bxc6 (11... Bxc6)) 11... cxd5 {
Schwarz plant das Spiel auf dem Königsglügel mit den Drohungen auf der c-Linie
zu verbinden.} (11... Ne4 $2 12. Nxe4 fxe4 13. Ng5 $16) (11... e5 12. dxe6 Bxe6
13. Ng5 $14) (11... Nc7 $5 {/\e5}) 12. cxd5 Rc8 (12... e5 13. dxe6 Bxe6 14. Qa3
(14. Qd1 $2 Ne4 15. Nd5 Qb5 $17) 14... Rc8 15. Be3 $14) 13. Be3 Ng4 (13... Ne4
14. Nxe4 fxe4 15. Nd4 $14 {><e4} (15. Ng5 $4 Ba4 16. Qa3 Rc3 $19)) 14. Bd4 Bxd4
15. Nxd4 $14 {[%csl Re6]} f4 (15... g5 16. Ne6 Bxe6 17. dxe6 Qh5 (17... Rb8 18.
Nd5 $14) 18. h3 Ne5 19. Nd5 (19. Bxb7 $2 Qxh3) 19... Rfe8 20. f4 $14) 16. Ne4 (
16. Ne6 $5 Bxe6 17. dxe6 fxg3 18. fxg3 (18. hxg3 g5 $40) 18... Rxf1+ 19. Rxf1
Qd8 20. Nd5 Nc7 21. Ne3 $14) 16... Ne5 $6 {Im Sinne des Angriffs stand der
Springer gut auf g4, Schwarz verliert mit dem Zug nur die wertvolle Zeit.} (
16... fxg3 17. hxg3 (17. Qxg3 Rc4 18. Ne6 Bxe6 19. dxe6 Nf6 $13) 17... h6 {
/\g5,Qh5}) 17. Rbc1 h6 $6 (17... fxg3 $142) 18. gxf4 Rxf4 19. e3 Rf8 (19... Rh4
$2 20. f4 Rxc1 21. Rxc1 Ng4 22. Nf3 Rh5 23. Ng3 Ba4 24. Qc3 Rxd5 25. Nd4 $18)
20. f4 Ng4 21. Ne6 Bxe6 22. dxe6 $16 {/\h3,><b7} Rxc1 23. Rxc1 Qb5 (23... Qb8
24. b5 Nc7 25. Nxd6 Nxe3 26. Qxe3 exd6 27. Qd3 $18) (23... b6 24. h3 Nf6 25.
Nxf6+ Rxf6 26. Qa3 Nb8 27. Qxa7 $18) 24. h3 (24. Nxd6 Qe2 $132) 24... Nf6 25.
Nxd6 $1 Qxb4 (25... exd6 {>=} 26. e7+ Rf7 27. Bd5 Qe8 28. Bxb7 Nc5 29. bxc5
dxc5 30. Rxc5 Qxe7 $16) 26. Nc8 Qxb3 27. axb3 $18 Re8 28. Bxb7 Nb4 29. Nxa7 Rb8
30. Rc7 (30. Rc8+ $18) 30... Kf8 31. e4 Ne8 32. Rd7 Nd6 33. Bd5 Nxd5 34. exd5
Rxb3 35. Nc6 Nf5 36. Nxe7 $1 Nxe7 37. d6 Nf5 (37... Nc6 38. Rf7+ Kg8 39. Rc7
Nd4 40. Rc8+ Kg7 41. e7 Rb1+ 42. Kf2 Rb2+ 43. Ke1 $18) 38. Rf7+ Kg8 39. Rxf5
1-0

[Event "Petrov Memorial op"]
[Site "St Petersburg"]
[Date "1996.??.??"]
[Round "1"]
[White "Terekhov, Andrey"]
[Black "Vasiukov, Evgeni"]
[Result "1-0"]
[WhiteElo "2315"]
[BlackElo "2505"]
[Annotator "Dautov,R"]
[PlyCount "65"]
[EventDate "1996.02.??"]
[EventType "swiss"]
[EventRounds "9"]
[EventCountry "RUS"]
[SourceTitle "CBM 052"]
[Source "ChessBase"]
[SourceDate "1996.06.01"]
[SourceVersion "1"]
[SourceVersionDate "1996.06.01"]
[SourceQuality "1"]

1. d4 {Johnson,M} f5 2. Nf3 Nf6 3. c4 g6 4. g3 Bg7 5. Bg2 O-O 6. O-O d6 7. d5
Na6 8. Nc3 Qe8 9. Rb1 Nc5 (9... c5) 10. Nd4 (10. b4 Nce4 11. Bb2 e5 12. dxe6
Bxe6 13. Nxe4 fxe4 14. Nd2 Bf5 15. e3 Qe6 $10 {Akopian-Vasiukov/St. Peterburg
op/1994}) 10... a5 (10... e5 11. dxe6 Nxe6 12. Nxe6 Qxe6 13. Qd3 Re8 14. Nd5
Qf7 15. Nxf6+ Bxf6 16. b3 Rb8 17. Be3 {1/2-1/2 Adorjan,A-Malaniuk,V/Alushta4 
(09) 1994}) (10... Bd7 11. b4 Nce4 12. Bb2 c6 13. Nb3 Qf7 14. Nxe4 Nxe4 15.
Bxg7 Qxg7 16. Rc1 Qe5 $10 {Tunik,G-Malaniuk,V/St.Petersburg op (02) ;EXP 43
1994}) 11. Nb3 $146 (11. b3 Bd7 12. Ba3 c6 13. Bxc5 dxc5 14. Ne6 Bxe6 15. dxe6
Qb8 16. Na4 Qe5 17. Qd2 Rfd8 18. Qf4 Qxf4 19. gxf4 Rd2 $10 {Mohr,G-Vasiukov,E/
Voskresensk 1990}) (11. e3 {Johnson,M}) 11... Nfe4 (11... Nxb3 $142 $1 {
Johnson,M} 12. axb3 (12. Qxb3 b6 13. Be3 Ng4 14. Bf4 h6 $15) 12... Bd7 13. Be3
b6 14. Qd2 Qf7 15. Bh6 Bxh6 16. Qxh6 Rae8 17. Qd2 e5 18. dxe6 Bxe6 $15) 12. Nb5
Nxb3 13. axb3 Qd8 $10 14. Nd4 Bd7 15. Be3 c6 $2 (15... c5 $1 16. Nb5 (16. Ne6
Bxe6 17. dxe6 Qc8 18. Qd5 Nf6 19. Qxb7 Qxe6 $15) 16... Bxb5 17. cxb5 Qd7 18.
Qd3 $10) 16. Bxe4 $1 fxe4 17. Qc2 Bxd4 (17... c5 18. Nb5 Bxb5 19. cxb5 Qd7 20.
Qxe4 Rf7 21. Qc4 $14) 18. Bxd4 Bf5 19. Be3 $14 {/^a1-h8} h5 (19... cxd5 $2 20.
cxd5 Rc8 21. Qd2 $16 {/\Qd4,Bh6,Rc1}) 20. h4 (20. Qc3 $5) 20... Kh7 21. Ra1 {
/\Qc3,Bd2,Qe3} c5 $1 22. Qc3 Bg4 $2 (22... b6 23. Bd2 Rf7 24. Qe3 Qf8 25. Kg2 (
25. f3 Bh3 (25... exf3 $2 26. Rxf3 $16) 26. Rf2 exf3 27. Rxf3 Rxf3 28. exf3 Re8
$10) (25. Rad1 Qg7 26. Bc3 Qh6 $10) 25... e6 $1 26. dxe6 Bxe6 27. Qxe4 Re8 $44)
23. Bd2 Rf7 (23... Bxe2 $2 24. Qe3 Bxf1 25. Qh6+ Kg8 26. Qxg6+ Kh8 27. Qxh5+
Kg8 28. Qg6+ Kh8 29. Bc3+ Rf6 30. Rxf1 $18) 24. Qe3 Bf5 25. f3 (25. Qh6+ Kg8
26. Bc3 Rh7) 25... exf3 26. Rxf3 $18 Kg8 (26... Qf8 27. Raf1 $1) 27. Raf1 Kh7 (
27... Qf8 28. Qg5 $18 {/\e4}) 28. Qg5 Qf8 29. e4 Be6 30. dxe6 $1 Rxf3 31. Rxf3
Qxf3 32. Qh6+ Kg8 33. Qxg6+ 1-0